| 000 | 03921cam a22004694i 4500 | ||
|---|---|---|---|
| 003 | PE-LiUPU | ||
| 005 | 20250731165419.0 | ||
| 008 | 151214s2012 pe grm 000 0 spa d | ||
| 035 | _a(Sirsi) a155502 | ||
| 040 |
_aPE-LiUPU _bspa _cPE-LiUPU _erda |
||
| 082 | 0 | 4 |
_a220.6 _R77 T3 |
| 099 |
_aTT 3 _bR77 2012 |
||
| 100 | 1 |
_aRojas Yauri, Benjamín _eautor |
|
| 245 | 1 |
_aPresuposición del acercamiento desconstruccionista derridiano y su influencia en la aproximación al texto bíblico / _cBenjamín Rojas Yauri. |
|
| 264 | 0 | _c2012. | |
| 300 |
_a256 hojas _c29 cm |
||
| 336 |
_atext _2rdacontent |
||
| 337 |
_aunmediated _2rdamedia |
||
| 338 |
_avolume _2rdacarrier |
||
| 502 |
_aTesis _b(Mg.) -- _cUniversidad Peruana Unión, _d2012. |
||
| 504 | _aIncluye referencias | ||
| 520 | 3 | _aLa presente investigación es de tipo documental. Formulando problema de investigación, se analizó cuatro documentos que tienen por autor a Jaques Derrida, a fin de explicar, definir y presentar los alcances y usos de la desconstrucción derridiana. -Luego se estudiaron tres documentos desconstruccionistas en los que se abordan temas bíblicos con el objetivo de identificar las presuposiciones del acercamiento desconstruccionista a la Sagrada Escritura. Finalmente, se presenta la problemática y aportes de las presuposiciones desconstruccionistas en su aproximación al texto bíblico. -Para interpretar la SE, el ser humano se ha valido de diversos métodos y acercamientos. Con la llegada del posmodernismo y luego del surgimiento de la desconstrucción, se emprendió una nueva forma de leer la biblia, influenciada por los postulados filósofos del Francés Jaques Derrida, y aunque este acercamiento hermenéutico tiene mayor presencia en Europa y Norteamérica, su influencia se nota en el cristianismo mundial. Sin embargo, son escasos los estudios que abordan la desconstrucción en relación a la hermenéutica bíblica, al respecto se debe señalar que en los diccionarios filosóficos teológicos y hermenéuticos, publicados luego del año 2000, es más fácil encontrar una definición de este término o del término desconstrucción en relación a Derrida. -El acercamiento hermenéutico desconstruccionista y las presuposiciones que lo acompañan han dado origen a las lecturas hermenéuticas posmodernas, que ven la verdad como un asunto relativo y a la biblia como un libro deseable para el quehacer desconstruccionista. Esta realidad hace necesario que se aborde el tema y se determine si el cristiano, fiel a la Sagrada Escritura, puede emprender un trabajo desconstruccionista al texto bíblico y aún mantenerse como investigador respetuoso, creyente y fiel a la Sagrada Escritura. El desarrollo de esta investigación plantea que, el acercamiento desconstruccionista al texto bíblico, no está en condiciones de esclarecer la verdad bíblica, sin embargo ayuda a comprender que no existe método o acercamiento que tenga dicho poder. Sin embargo, siendo que existen métodos mejores y más respetuosos en el tratamiento del texto bíblico, se hace necesario afirmar en base a esta investigación que, el acercamiento desconstruccionista al texto bíblico, es menos respetuoso que otros métodos y acercamientos, pues las presuposiciones que la acompañan así lo demuestran. | |
| 526 | _aSEG44 | ||
| 526 | _aSEG26 | ||
| 526 | _aP151 | ||
| 526 | _aP150 | ||
| 526 | _aP149 | ||
| 526 | _aP146 | ||
| 526 | _aP145 | ||
| 526 | _aP126 | ||
| 526 | _aP125 | ||
| 526 | _aP92 | ||
| 526 | _aP75 | ||
| 526 | _aP74 | ||
| 526 | _aP27 | ||
| 526 | _aP15 | ||
| 600 | 0 | 4 |
_aDerrida, Jacques, _d1930-2004 _xHermenéutica bíblica _vTesis. |
| 650 | 0 | 4 |
_aHermenéutica bíblica _vTesis. |
| 596 | _a1 | ||
| 942 |
_2ddc _cTESIS |
||
| 999 |
_aTT 3 R77 2012 _wALPHANUM _c8182 _iT01300 _lCCODEBUL3 _mBUL _r1 _sY _tTESIS _u2015-12-14 _xPOSGRADO _PP85 _o.STAFF. Tesis _d8182 |
||
| 980 |
_81 _gALBERTO SANCHEZ Responsable de Automatización |
||